LEADER 01399nam1 2200409 450 001 990002693280203316 005 20051212123702.0 035 $a000269328 035 $aUSA01000269328 035 $a(ALEPH)000269328USA01 035 $a000269328 100 $a20051212d1948----km-y0itay0103----ba 101 $afre 102 $aFR 105 $a||||||||001yy 200 1 $a<> monde byzantin$fpar Louis Bréhier 210 $aParis$cA. Michel$d1948- 215 $av.$d21 cm. 225 2 $a<> evolution de l'humanité$hSect. 2$iL'effondrement de l'Empire 410 0$12001$a<> evolution de l'humanité$hSect. 2$iL'effondrement de l'Empire 454 1$12001 461 1$1001-------$12001 463 \1$1001990002693290203316$12001 $a<> : Vie et mort de Byzance 463 \1$1001990002693320203316$12001 $a<> : <> institutions de l'empire byzantin 463 \1$1001990002693330203316$12001 $a<> : <> civilisation byzantine 463 \1$1001990003486640203316$12001 $a<> institutions de l'empire byzantin 606 0 $aCiviltŕ bizantina 676 $a949.5 700 1$aBREHIER,$bLouis$0406804 801 0$aIT$bsalbc$gISBD 912 $a990002693280203316 951 $aS IV b 71$bFC$cS IV b 959 $aBK 969 $aDILAM 979 $aDILAM$b90$c20051212$lUSA01$h1237 996 $aMonde byzantin$965504 997 $aUNISA LEADER 01315nam2-2200409---450- 001 990006139080203316 005 20160421090808.0 010 $a84-7100-627-8 035 $a000613908 035 $aUSA01000613908 035 $a(ALEPH)000613908USA01 035 $a000613908 100 $a20160111d1995----km-y0itay50------ba 101 $aspa 102 $aES 105 $a||||||||001yy 200 1 $a<> abate Viscardo$ehistoria y mito de la intervencion de los jesuitas en la independencia de Hispanoamerica$fMiguel Batllori 205 $aNueva edición 210 $cEditorial Mapfre$d1995 215 $a393 p.$cill.$d23 cm 225 2 $aColecciones Mapfre 1492. Relaciones entre Espana y America$v24 410 0$1001000613871$aColecciones Mapfre 1492. Relaciones entre Espana y America$v, 24 454 1$12001 461 1$1001$12001 606 $aGesuiti$xStoria$yAmerica Latina$zSec. 18. 676 $a271.053 700 1$aBATLLORI,$bMiguel$0168708 801 0$aIT$bsalbc$gISBD 912 $a990006139080203316 951 $aVI.7.COLL.14/ 24$b181 ISLA 959 $aBK 969 $aUMA 979 $aMARANO$b90$c20160411$lUSA01$h1442 979 $aMARANO$b90$c20160411$lUSA01$h1445 979 $aMARANO$b90$c20160421$lUSA01$h0908 996 $aAbate Viscardo$9522042 997 $aUNISA